000 00629nam a2200169Ia 4500
008 090711s9999 xx 000 0 und d
082 _b63508
100 _aघारे दीपक
245 _aिंSा. त्र्यं. खानोलकर ललित Sारित्र
260 _c1987
300 _a194
600 _aघारे दीपक
630 _aिंSा. त्र्यं. खानोलकर ललित Sारित्र
700 _aघारे दीपक
730 _aिंSा. त्र्यं. खानोलकर ललित Sारित्र
942 _cBOOK
999 _c313690
_d313690